Human rights: politics and practice

Sparad:
Bibliografiska uppgifter
Huvudupphovsman: Goodhart, Michael (Författare, medförfattare)
Materialtyp: Bok
Språk:engelska
Publicerad: Oxford Oxford University Press 2016
Upplaga:3a. ed
Ämnen:
Taggar: Lägg till en tagg
Inga taggar, Lägg till första taggen!

MARC

LEADER 00000cam a2200000 a 4500
001 UCC9047
003 CL-VaPUC
008 190904e20160000uk |||||||||||||||||eng|d
020 |a 9780198708766 
082 0 4 |a 323  |b GOO  |2 21 
100 0 |a Goodhart, Michael  |e author  |9 603833 
245 1 0 |a Human rights: politics and practice 
250 |a 3a. ed 
300 |a 499 p 
942 |c BK 
945 |d 20190904 15:40:00  |a dcastane 
260 |a Oxford  |b Oxford University Press  |c 2016 
650 0 |a Derechos humanos  |9 223025 
583 |a last modification  |c 20190904 15:40:00  |k Rodrigo Vera 
999 |c 375242  |d 375240 
952 |0 0  |1 0  |3 erb  |4 0  |6 323_000000000000000_GOO_2016  |7 0  |8 WP_COW  |9 561187  |a BIBDER  |b BIBDER  |e Fundación W and P Cowley  |i 5597463  |o 323 GOO 2016  |p 5597463  |r 2023-01-25  |w 2020-03-12  |y BK  |z Catalogado en:20190904  |k WPC